Catálogo

ENCICLOPEDIA UNIVERSAL ILUSTRADA : (Registro nro. 42846)

Detalles MARC
000 -LEADER
fixed length control field 00465nam a2200157 a 4500
001 - CONTROL NUMBER
control field 42846
005 - DATE AND TIME OF LATEST TRANSACTION
control field 20180714021158.0
008 - FIXED-LENGTH DATA ELEMENTS--GENERAL INFORMATION
fixed length control field 140415s2010 sp 000 0 spa d
041 ## - LANGUAGE CODE
Language code of text/sound track or separate title spa
082 ## - DEWEY DECIMAL CLASSIFICATION NUMBER
Classification number 036
Item number ENC
245 00 - TITLE STATEMENT
Title ENCICLOPEDIA UNIVERSAL ILUSTRADA :
Remainder of title EUROPEO-AMERICANA
260 ## - PUBLICATION, DISTRIBUTION, ETC.
Place of publication, distribution, etc. ESPAÑA :
Name of publisher, distributor, etc. ESPASA-CALPE,
Date of publication, distribution, etc. 2010, 1973
300 ## - PHYSICAL DESCRIPTION
Extent
Dimensions x 17 x 26
520 ## - SUMMARY, ETC.
Summary, etc. ENCICLOPEDIA UNIVERSAL ILUSTRDA
650 14 - SUBJECT ADDED ENTRY--TOPICAL TERM
Topical term or geographic name entry element ENCICLOPEDIAS Y DICCIONARIOS
Existencias
Withdrawn status Lost status Source of classification or shelving scheme Damaged status Not for loan Collection code Home library Current library Shelving location Date acquired Source of acquisition Inventory number Total Checkouts Full call number Barcode Date last seen Price effective from Koha item type
    Dewey Decimal Classification     Referencia Biblioteca Karol Wojtyla Biblioteca Karol Wojtyla Área de silencio 03/12/2013 Compra 151000000000000000071427   '036 ENC 64587 05/01/2026 03/12/2013 Libro R